[Event "Pirai do Sul op 25th"]
[Site "Chess.com INT"]
[Date "2020.12.26"]
[Round "2"]
[White "Staron, Douglas Rentz"]
[Black "Goncalves, Evandro Jose"]
[Result "0-1"]
[WhiteElo "1616"]
[BlackElo "1190"]
[PlyCount "120"]
[EventDate "2020.12.26"]
[EventType "swiss"]
[EventRounds "12"]
[EventCountry "BRA"]
[SourceTitle "CBM 200 Extra"]
[Source "ChessBase"]
[SourceDate "2021.03.31"]
[SourceVersion "1"]
[SourceVersionDate "2021.03.31"]
[SourceQuality "1"]

1. c4 c6 2. d4 Nf6 3. Nc3 d5 4. Nf3 Bf5 5. Bf4 e6 6. e3 Bd6 7. Bxd6 Qxd6 8. cxd5 Nxd5 9. Be2 Nd7 10. 0-0 0-0 11. Ne1 N7f6 12. Qd2 Nxc3 13. bxc3 Ne4 14. Qb2 b6 15. f3 Nf6 16. f4 Be4 17. Nf3 c5 18. Ne5 Nd7 19. Rad1 Nxe5 20. fxe5 Qc6 21. Bf3 Bxf3 22. Rxf3 Rad8 23. Rh3 Qe4 24. Qf2 cxd4 25. exd4 Qxe5 26. Re1 Qf5 27. Rf3 Qg6 28. Qh4 h6 29. Rg3 Qh7 30. Rf1 g5 31. Qh5 Qg6 32. Qe2 f5 33. h4 g4 34. Qe5 Qf6 35. Qc7 Rf7 36. Qc6 Qxh4 37. Rff3 Qe7 38. Re3 Rd6 39. Qc8+ Rf8 40. Qc4 h5 41. Re5 Qd7 42. Rge3 Rc8 43. Qb3 Re8 44. g3 Re7 45. Kg2 Qc6+ 46. Kh2 Kf7 47. c4 Rxd4 48. Qc3 Qxc4 49. Qe1 Qxa2+ 50. Kh1 Qc4 51. Rc3 Rd1 52. Qxd1 Qxc3 53. Qe2 Qc6+ 54. Kh2 Rd7 55. Qe3 Qd6 56. Qg5 Qd2+ 57. Qxd2 Rxd2+ 58. Kg1 Kf6 59. Rb5 Kg5 60. Kf1 h4 0-1

[Event "Caioba Copel op 5th"]
[Site "Caioba"]
[Date "2019.09.17"]
[Round "4"]
[White "Juliatto, Clara Machado"]
[Black "Staron, Douglas Rentz"]
[Result "0-1"]
[WhiteElo "1640"]
[BlackElo "1821"]
[PlyCount "72"]
[EventDate "2019.08.15"]
[EventType "swiss"]
[EventRounds "6"]
[EventCountry "BRA"]
[SourceTitle "EXT 2020"]
[Source "ChessBase"]
[SourceDate "2019.10.17"]
[SourceVersion "1"]
[SourceVersionDate "2019.10.17"]
[SourceQuality "1"]

1. e4 c5 2. Nc3 Nc6 3. g3 e6 4. Bg2 Nge7 5. d3 d5 6. f4 dxe4 7. dxe4 Qxd1+ 8. Kxd1 Bd7 9. Be3 Nd4 10. e5 Bc6 11. Ne4 Nef5 12. Bf2 0-0-0 13. Kc1 Nh6 14. c3 Ng4 15. Nh3 Nb5 16. Bf3 f5 17. Neg5 Nxf2 18. Nxf2 Bxf3 19. Nxf3 c4 20. Ng5 Bc5 21. Nd1 Rhe8 22. Nxh7 Rd3 23. Ng5 Nc7 24. Kc2 Red8 25. b4 Rd2+ 26. Kc1 Be7 27. Nf3 R2d3 28. Ne1 Rxd1+ 29. Kb2 R1d2+ 30. Nc2 Rf2 31. Raf1 Rdd2 32. Rxf2 Rxf2 33. a4 Nd5 34. Kc1 Nxc3 35. Ne3 Ra2 36. Re1 Bxb4 0-1

[Event "Caioba Copel op 5th"]
[Site "Caioba"]
[Date "2019.08.16"]
[Round "3"]
[White "Staron, Douglas Rentz"]
[Black "Brusamolin, Valerio"]
[Result "0-1"]
[WhiteElo "1821"]
[BlackElo "1924"]
[PlyCount "66"]
[EventDate "2019.08.15"]
[EventType "swiss"]
[EventRounds "6"]
[EventCountry "BRA"]
[SourceTitle "EXT 2020"]
[Source "ChessBase"]
[SourceDate "2019.10.17"]
[SourceVersion "1"]
[SourceVersionDate "2019.10.17"]
[SourceQuality "1"]

1. c4 Nf6 2. d4 c6 3. Nc3 d5 4. Nf3 Nbd7 5. cxd5 cxd5 6. g3 e6 7. Bf4 Be7 8. Bg2 0-0 9. 0-0 Nh5 10. Bd2 f5 11. Rc1 a6 12. e3 Nhf6 13. Qb3 b5 14. Ne5 Nb6 15. Ne2 Bd7 16. Ba5 Qb8 17. Nc6 Bxc6 18. Rxc6 Nc4 19. Bb4 Bxb4 20. Qxb4 Re8 21. Nf4 a5 22. Qc3 Kf7 23. b3 b4 24. Qd3 Nd6 25. Rfc1 Nb5 26. R1c5 Nc3 27. Rc7+ Kg8 28. Nxe6 Rxe6 29. Qxf5 Qe8 30. Bh3 Rd6 31. Qg5 Qf8 32. Rb7 Nfe4 33. Qf4 Ne2+ 0-1

[Event "Caioba Telecom op"]
[Site "Caioba"]
[Date "2018.08.03"]
[Round "5"]
[White "Staron, Douglas Rentz"]
[Black "Tonette, Janaine Gusmao"]
[Result "0-1"]
[WhiteElo "1859"]
[BlackElo "1540"]
[PlyCount "78"]
[EventDate "2018.08.01"]
[EventType "swiss"]
[EventRounds "9"]
[EventCountry "BRA"]
[SourceTitle "CBM 186 Extra"]
[Source "ChessBase"]
[SourceDate "2018.08.24"]
[SourceVersion "1"]
[SourceVersionDate "2018.08.24"]
[SourceQuality "1"]

1. c4 Nf6 2. d4 c5 3. d5 e6 4. Nc3 exd5 5. cxd5 d6 6. e4 g6 7. f4 Bg7 8. Bd3 0-0 9. Nf3 b6 10. Qe2 Re8 11. 0-0 Bb7 12. Qc2 Na6 13. a3 Nc7 14. h3 a6 15. Be3 b5 16. Bf2 Rc8 17. Bh4 Qd7 18. Rae1 Nh5 19. f5 c4 20. Be2 Nf4 21. Ng5 Nxe2+ 22. Rxe2 f6 23. Nxh7 Kxh7 24. fxg6+ Kg8 25. Bxf6 Rf8 26. Ref2 Bxf6 27. Rxf6 Rxf6 28. Rxf6 Qg7 29. Rf4 Rf8 30. Ne2 Rxf4 31. Nxf4 Qd4+ 32. Kh2 Ne8 33. Kg3 Qe3+ 34. Kg4 Nf6+ 35. Kf5 Bc8+ 36. Ne6 Bxe6+ 37. dxe6 Kg7 38. Qc3 Qxe4+ 39. Kg5 Qxg2+ 0-1

[Event "Caioba Telecom op"]
[Site "Caioba"]
[Date "2018.08.01"]
[Round "2"]
[White "Delgado, Lidio Dias"]
[Black "Staron, Douglas Rentz"]
[Result "1-0"]
[WhiteElo "2188"]
[BlackElo "1859"]
[PlyCount "45"]
[EventDate "2018.08.01"]
[EventType "swiss"]
[EventRounds "9"]
[EventCountry "BRA"]
[SourceTitle "CBM 186 Extra"]
[Source "ChessBase"]
[SourceDate "2018.08.24"]
[SourceVersion "1"]
[SourceVersionDate "2018.08.24"]
[SourceQuality "1"]

1. d4 Nf6 2. Nf3 d5 3. c4 c6 4. Nc3 g6 5. cxd5 cxd5 6. Bf4 Bd7 7. e3 a6 8. Bd3 Bg7 9. 0-0 0-0 10. Qb3 Bc6 11. h3 Nbd7 12. a4 Rc8 13. Rfc1 Re8 14. Bh2 Nb6 15. Ne5 e6 16. a5 Nc4 17. Nxc6 Rxc6 18. Qxb7 Nxa5 19. Rxa5 Rxc3 20. Rxc3 Qxa5 21. Qxa6 Qxa6 22. Bxa6 Rb8 23. Bxb8 1-0

[Event "Caioba Telecom op"]
[Site "Caioba"]
[Date "2017.10.01"]
[Round "8"]
[White "Vieira, Jose Renato Braga S"]
[Black "Staron, Douglas Rentz"]
[Result "0-1"]
[WhiteElo "1955"]
[BlackElo "1737"]
[PlyCount "48"]
[EventDate "2017.09.28"]
[EventType "swiss"]
[EventRounds "8"]
[EventCountry "BRA"]
[SourceTitle "EXT 2020"]
[Source "ChessBase"]
[SourceDate "2019.10.17"]
[SourceVersion "1"]
[SourceVersionDate "2019.10.17"]
[SourceQuality "1"]

1. d4 Nf6 2. c4 c5 3. d5 e6 4. Nc3 exd5 5. cxd5 d6 6. e4 g6 7. Nf3 Bg7 8. Bb5+ Bd7 9. Bd3 a6 10. a4 0-0 11. 0-0 Bg4 12. h3 Bxf3 13. Qxf3 Nbd7 14. Qg3 Ne5 15. Be2 Re8 16. f4 Ned7 17. f5 Nxe4 18. Nxe4 Rxe4 19. fxg6 Rxe2 20. gxh7+ Kh8 21. Rxf7 Bd4+ 22. Kh2 Qe8 23. Qg8+ Qxg8 24. hxg8Q+ Rxg8 0-1

[Event "Caioba Telecom op"]
[Site "Caioba"]
[Date "2017.09.30"]
[Round "6"]
[White "Das Chagas, David Ferreira"]
[Black "Staron, Douglas Rentz"]
[Result "1-0"]
[WhiteElo "1968"]
[BlackElo "1737"]
[PlyCount "55"]
[EventDate "2017.09.28"]
[EventType "swiss"]
[EventRounds "8"]
[EventCountry "BRA"]
[SourceTitle "EXT 2018"]
[Source "ChessBase"]
[SourceDate "2017.10.13"]
[SourceVersion "1"]
[SourceVersionDate "2017.10.13"]
[SourceQuality "1"]

1. e4 c5 2. Nc3 Nc6 3. Bb5 a6 4. Bxc6 bxc6 5. f4 e6 6. Nf3 d5 7. d3 g6 8. 0-0 Bg7 9. Qe1 Ne7 10. Kh1 Qc7 11. Rb1 0-0 12. Na4 Qa7 13. Be3 d4 14. Bd2 Re8 15. b3 f6 16. Qh4 f5 17. Nb2 Qd7 18. Nc4 Rb8 19. Ng5 h6 20. Nf3 Bb7 21. Nfe5 Bxe5 22. Nxe5 Qc7 23. Qxh6 Nc8 24. Qxg6+ Kf8 25. Qf6+ Kg8 26. Rf3 Re7 27. Rg3+ Rg7 28. Qxe6+ 1-0

[Event "Caioba Telecom op"]
[Site "Caioba"]
[Date "2017.09.29"]
[Round "3"]
[White "Staron, Douglas Rentz"]
[Black "Okamura, Milton Kasuo"]
[Result "1-0"]
[WhiteElo "1737"]
[BlackElo "2069"]
[PlyCount "24"]
[EventDate "2017.09.28"]
[EventType "swiss"]
[EventRounds "8"]
[EventCountry "BRA"]
[SourceTitle "EXT 2018"]
[Source "ChessBase"]
[SourceDate "2017.10.13"]
[SourceVersion "1"]
[SourceVersionDate "2017.10.13"]
[SourceQuality "1"]

1. c4 e5 2. Nc3 Nf6 3. g3 d5 4. Nxd5 Nxd5 5. Bg2 Nb6 6. d3 Be7 7. Nf3 Nc6 8. 0-0 0-0 9. a3 Be6 10. Be3 f6 11. Rc1 Nd4 12. b4 c6 1-0

[Event "Caioba Telecom op"]
[Site "Caioba"]
[Date "2017.09.28"]
[Round "1"]
[White "Staron, Douglas Rentz"]
[Black "Cubas, Jose Fernando"]
[Result "0-1"]
[WhiteElo "1737"]
[BlackElo "2461"]
[PlyCount "72"]
[EventDate "2017.09.28"]
[EventType "swiss"]
[EventRounds "8"]
[EventCountry "BRA"]
[SourceTitle "EXT 2018"]
[Source "ChessBase"]
[SourceDate "2017.10.13"]
[SourceVersion "1"]
[SourceVersionDate "2017.10.13"]
[SourceQuality "1"]

1. c4 Nf6 2. d4 c5 3. d5 e6 4. Nc3 exd5 5. cxd5 g6 6. e4 d6 7. Be2 Bg7 8. Nf3 0-0 9. 0-0 Bg4 10. Re1 Re8 11. h3 Bxf3 12. Bxf3 Nbd7 13. Bg5 a6 14. a4 Ne5 15. Qe2 Rb8 16. Rab1 h6 17. Bf4 Nfd7 18. Qe3 Nxf3+ 19. Qxf3 Ne5 20. Qe3 Kh7 21. Kh1 b5 22. axb5 axb5 23. Bxe5 Bxe5 24. f4 Bg7 25. Rbd1 b4 26. Na4 c4 27. b3 c3 28. Re2 f5 29. Qd3 fxe4 30. Rxe4 Rxe4 31. Qxe4 Qe8 32. Qxe8 Rxe8 33. Nb6 Re4 34. g3 c2 35. Rc1 Re2 36. Nc4 Bc3 0-1

[Event "BRA-ch U18"]
[Site "Itajai"]
[Date "2017.06.04"]
[Round "6"]
[White "Staron, Douglas Rentz"]
[Black "Alves, Matheus Oliveira"]
[Result "0-1"]
[WhiteElo "1827"]
[BlackElo "1551"]
[PlyCount "60"]
[EventDate "2017.06.01"]
[EventType "swiss"]
[EventRounds "6"]
[EventCountry "BRA"]
[SourceTitle "CBM 179 Extra"]
[Source "ChessBase"]
[SourceDate "2017.08.23"]
[SourceVersion "1"]
[SourceVersionDate "2017.08.23"]
[SourceQuality "1"]

1. c4 f5 2. d4 Nf6 3. Nc3 e6 4. Nf3 c6 5. g3 d5 6. c5 Nbd7 7. Bg2 Be7 8. b4 a5 9. b5 Ne4 10. bxc6 Nxc3 11. cxd7+ Bxd7 12. Qc2 Ne4 13. a4 Rc8 14. Ne5 Bf6 15. Bf4 b5 16. Rc1 bxa4 17. Nxd7 Qxd7 18. c6 Qa7 19. Qxa4 Qxd4 20. Qxd4 Bxd4 21. Bxe4 fxe4 22. Bd6 Bb6 23. 0-0 Bc7 24. Ba3 h5 25. h3 Rh6 26. Rc2 Rg6 27. Kg2 Rb8 28. f4 Rb3 29. Bc5 Rgxg3+ 30. Kf2 e3+ 0-1

[Event "BRA-ch U18"]
[Site "Itajai"]
[Date "2017.06.02"]
[Round "2"]
[White "Farias, Vitor Furtado"]
[Black "Staron, Douglas Rentz"]
[Result "1-0"]
[WhiteElo "1637"]
[BlackElo "1827"]
[PlyCount "129"]
[EventDate "2017.06.01"]
[EventType "swiss"]
[EventRounds "6"]
[EventCountry "BRA"]
[SourceTitle "CBM 179 Extra"]
[Source "ChessBase"]
[SourceDate "2017.08.23"]
[SourceVersion "1"]
[SourceVersionDate "2017.08.23"]
[SourceQuality "1"]

1. d4 Nf6 2. Bf4 d5 3. e3 Bf5 4. c4 c6 5. Nf3 Nbd7 6. Qb3 Qb6 7. c5 Qxb3 8. axb3 g6 9. h3 Bg7 10. Be2 0-0 11. 0-0 h6 12. Nbd2 g5 13. Bh2 Rfe8 14. Ra3 Ne4 15. Nxe4 Bxe4 16. Rfa1 a6 17. Ne5 Nxe5 18. Bxe5 Bxe5 19. dxe5 Red8 20. Ra4 Rd7 21. Rb4 Rad8 22. Bg4 e6 23. Rd1 Kg7 24. Rdd4 f6 25. Bxe6 Re7 26. exf6+ Kxf6 27. Bg4 Bg6 28. Rb6 h5 29. Bf3 Ke5 30. Be2 Rf8 31. Bd3 Bxd3 32. Rxd3 Ref7 33. Rd2 a5 34. b4 Ra8 35. b5 Rc7 36. Rd4 Rac8 37. b4 a4 38. bxc6 Rxc6 39. Rxb7 Ra8 40. Rd7 a3 41. Rd1 a2 42. Ra1 Ke6 43. Rb7 Rca6 44. Rb6+ Kd7 45. Rxa6 Rxa6 46. f4 gxf4 47. exf4 d4 48. Kf2 Ke6 49. g4 h4 50. Ke2 Ra3 51. b5 Rxh3 52. b6 Kd5 53. b7 Rb3 54. Rxa2 Rxb7 55. g5 Kxc5 56. Kd3 h3 57. Ra5+ Kb4 58. Ra1 Kc5 59. g6 Rd7 60. Rh1 Kd5 61. Rxh3 Ke6 62. Rh7 Rd8 63. Rf7 Rg8 64. f5+ Ke5 65. g7 1-0

[Event "BRA-ch U18"]
[Site "Itajai"]
[Date "2017.06.02"]
[Round "3"]
[White "Staron, Douglas Rentz"]
[Black "Goncalves, Marcelo Moreira"]
[Result "1/2-1/2"]
[WhiteElo "1827"]
[BlackElo "1560"]
[PlyCount "103"]
[EventDate "2017.06.01"]
[EventType "swiss"]
[EventRounds "6"]
[EventCountry "BRA"]
[SourceTitle "CBM 179 Extra"]
[Source "ChessBase"]
[SourceDate "2017.08.23"]
[SourceVersion "1"]
[SourceVersionDate "2017.08.23"]
[SourceQuality "1"]

1. c4 Nc6 2. d4 d6 3. e4 e5 4. d5 Nce7 5. Nc3 Ng6 6. Nf3 f5 7. Bd3 fxe4 8. Bxe4 Nf6 9. 0-0 Be7 10. Qc2 Nxe4 11. Qxe4 0-0 12. h3 Bf5 13. Qe2 h6 14. Ne4 Qd7 15. Kh2 Rae8 16. Ng3 Nf4 17. Bxf4 exf4 18. Nxf5 Rxf5 19. Qd3 Rf7 20. Nd4 Bf6 21. Ne6 Be5 22. Rab1 c6 23. b4 b5 24. Nd4 Bxd4 25. Qxd4 Re2 26. a3 f3 27. g3 Rfe7 28. Qd3 bxc4 29. Qxc4 cxd5 30. Qxd5+ Qe6 31. Qa8+ Kh7 32. Qxf3 Rf7 33. Qd3+ Kg8 34. Kg2 Qa2 35. Qd4 Qxa3 36. Qd5 Qa2 37. Qxa2 Rxa2 38. Rb3 Rd2 39. g4 d5 40. Kg3 d4 41. f3 d3 42. Ra1 Rd7 43. f4 Rc2 44. Rd1 d2 45. Kf2 Rd4 46. Ke3 Rcc4 47. b5 Rxf4 48. Rxd2 Rce4+ 49. Kd3 Rf3+ 50. Kxe4 Rxb3 51. Ra2 Rxb5 52. Rxa7 1/2-1/2

[Event "Caioba Telecom op"]
[Site "Caioba"]
[Date "2016.08.28"]
[Round "6"]
[White "Perondi, Marcelo"]
[Black "Staron, Douglas Rentz"]
[Result "0-1"]
[WhiteElo "1497"]
[BlackElo "1834"]
[PlyCount "82"]
[EventDate "2016.08.26"]
[EventType "swiss"]
[EventRounds "6"]
[EventCountry "BRA"]
[SourceTitle "CBM 174 Extra"]
[Source "ChessBase"]
[SourceDate "2016.10.10"]
[SourceVersion "1"]
[SourceVersionDate "2016.10.10"]
[SourceQuality "1"]

1. Nf3 d5 2. c4 c6 3. g3 g6 4. d4 Bg7 5. Nc3 Nf6 6. b3 0-0 7. Bg2 Ne4 8. Bb2 Qa5 9. Qc1 f5 10. 0-0 f4 11. Nxe4 dxe4 12. Ne5 Bxe5 13. dxe5 f3 14. exf3 exf3 15. Bh1 Be6 16. Re1 Nd7 17. Re4 Nc5 18. Rh4 h5 19. Qh6 Bf5 20. g4 Bd3 21. gxh5 gxh5 22. Rxh5 Kf7 23. e6+ Nxe6 24. Rxa5 Rg8+ 25. Bg7 Rxg7+ 26. Qxg7+ Kxg7 27. Bxf3 a6 28. Re5 Rg8 29. h3 Kf6+ 30. Bg4 Kxe5 31. Re1+ Be4 32. f3 Ng5 33. Kf2 Rf8 34. Kg3 Nxf3 35. Bxf3 Rxf3+ 36. Kg4 Rf2 37. h4 Rxa2 38. Re3 Rg2+ 39. Kh3 Rg6 40. h5 Rg1 41. Kh4 Kf4 0-1

[Event "Curitiba Terzian Memorial op"]
[Site "Curitiba"]
[Date "2014.11.01"]
[Round "3"]
[White "Pi Chillida, Nicole"]
[Black "Staron, Douglas Rentz"]
[Result "0-1"]
[WhiteElo "1353"]
[BlackElo "1836"]
[PlyCount "72"]
[EventDate "2014.10.31"]
[EventType "swiss"]
[EventRounds "6"]
[EventCountry "BRA"]
[SourceTitle "EXT 2015"]
[Source "ChessBase"]
[SourceDate "2014.11.20"]
[SourceVersion "1"]
[SourceVersionDate "2014.11.20"]
[SourceQuality "1"]

1. d4 Nf6 2. c4 g6 3. Nc3 d6 4. Nf3 Bg7 5. Bg5 Nbd7 6. e3 0-0 7. Bd3 c5 8. 0-0 Qc7 9. Re1 Nb6 10. b3 e6 11. dxc5 dxc5 12. Qc2 Bd7 13. Rad1 a6 14. e4 Bc6 15. Re3 Nbd7 16. h3 Nh5 17. Ree1 Ne5 18. Nxe5 Qxe5 19. Qc1 Qxc3 20. Qxc3 Bxc3 21. Re2 Bd4 22. Kh2 b5 23. g4 Be5+ 24. Kg2 Nf4+ 25. Bxf4 Bxf4 26. f3 Rad8 27. Ree1 Rd7 28. Bc2 Rfd8 29. Rxd7 Rxd7 30. Rd1 Rd4 31. Kf2 bxc4 32. Rxd4 cxd4 33. bxc4 a5 34. Ke2 Kf8 35. Kd3 e5 36. c5 Bb5# 0-1

[Event "Parana-chT"]
[Site "Sao Jose dos Pinhais"]
[Date "2014.10.15"]
[Round "3.4"]
[White "Staron, Douglas Rentz"]
[Black "Vilela, Bruno Ailton"]
[Result "1-0"]
[WhiteElo "1836"]
[BlackElo "1642"]
[PlyCount "61"]
[EventDate "2014.10.13"]
[EventType "team-swiss"]
[EventRounds "6"]
[EventCountry "BRA"]
[SourceTitle "EXT 2015"]
[Source "ChessBase"]
[SourceDate "2014.11.20"]
[SourceVersion "1"]
[SourceVersionDate "2014.11.20"]
[SourceQuality "1"]
[WhiteTeam "Sao Jose dos Pinhais"]
[BlackTeam "Curitiba"]
[WhiteTeamCountry "BRA"]
[BlackTeamCountry "BRA"]

1. c4 g6 2. d4 Bg7 3. Nc3 Nf6 4. e4 d6 5. g3 0-0 6. Bg2 Nbd7 7. Nf3 Re8 8. 0-0 e5 9. d5 h6 10. b4 Kh7 11. Rb1 a6 12. h3 Rf8 13. Be3 Ne8 14. Qc2 Nb6 15. Ne2 f5 16. c5 fxe4 17. Nh4 Nxd5 18. Qxe4 Ne7 19. Qd3 d5 20. Rbd1 c6 21. f4 e4 22. Bxe4 Bf5 23. Nxf5 gxf5 24. Bxf5+ Nxf5 25. g4 Qd7 26. Ng3 Kg8 27. Nxf5 h5 28. Bd4 hxg4 29. hxg4 Qe6 30. Rde1 Qg6 31. Ne7+ 1-0

[Event "Parana-chT"]
[Site "Sao Jose dos Pinhais"]
[Date "2014.10.14"]
[Round "2.4"]
[White "Barbosa de Aguiar, Lucas Teodo"]
[Black "Staron, Douglas Rentz"]
[Result "0-1"]
[WhiteElo "1560"]
[BlackElo "1836"]
[PlyCount "84"]
[EventDate "2014.10.13"]
[EventType "team-swiss"]
[EventRounds "6"]
[EventCountry "BRA"]
[SourceTitle "EXT 2015"]
[Source "ChessBase"]
[SourceDate "2014.11.20"]
[SourceVersion "1"]
[SourceVersionDate "2014.11.20"]
[SourceQuality "1"]
[WhiteTeam "Siqueira Campos"]
[BlackTeam "Sao Jose dos Pinhais"]
[WhiteTeamCountry "BRA"]
[BlackTeamCountry "BRA"]

1. e4 c5 2. Nc3 Nc6 3. f4 d6 4. Bb5 Bd7 5. Nf3 g6 6. d3 Bg7 7. 0-0 Qb6 8. Kh1 Bxc3 9. Bxc6 Bxc6 10. bxc3 0-0-0 11. Bd2 Kb8 12. c4 Nf6 13. a4 Qc7 14. Qe2 Qd7 15. a5 h5 16. Rfb1 h4 17. Bc3 Rh7 18. Bxf6 exf6 19. d4 Qe7 20. d5 Bd7 21. Qd3 Re8 22. Qb3 Bc8 23. e5 dxe5 24. fxe5 fxe5 25. Re1 e4 26. Qe3 Ka8 27. Nd2 f5 28. Nb3 f4 29. Qxf4 h3 30. g3 e3 31. d6 Qd7 32. Rxe3 Qc6+ 33. Rf3 g5 34. Qf6 g4 35. d7 Bxd7 36. Nd2 gxf3 37. Nxf3 Bg4 38. Qxc6 bxc6 39. Ng1 Rhe7 40. Rf1 Re1 41. Rf4 R8e4 42. Rf7 R4e3 0-1

[Event "Parana-chT"]
[Site "Sao Jose dos Pinhais"]
[Date "2014.10.13"]
[Round "1.4"]
[White "Staron, Douglas Rentz"]
[Black "Pereira, Ezequias Alves"]
[Result "1/2-1/2"]
[WhiteElo "1836"]
[BlackElo "1618"]
[PlyCount "79"]
[EventDate "2014.10.13"]
[EventType "team-swiss"]
[EventRounds "6"]
[EventCountry "BRA"]
[SourceTitle "EXT 2015"]
[Source "ChessBase"]
[SourceDate "2014.11.20"]
[SourceVersion "1"]
[SourceVersionDate "2014.11.20"]
[SourceQuality "1"]
[WhiteTeam "Sao Jose dos Pinhais"]
[BlackTeam "Maringa"]
[WhiteTeamCountry "BRA"]
[BlackTeamCountry "BRA"]

1. c4 c5 2. Nf3 Nc6 3. g3 e5 4. d3 Nf6 5. Nc3 d6 6. Bg2 Nd4 7. 0-0 Be7 8. Rb1 0-0 9. a3 Rb8 10. b4 Nxf3+ 11. Bxf3 Bh3 12. Re1 b6 13. e3 Qd7 14. Nd5 Nxd5 15. Bxd5 Bg4 16. Qc2 Qf5 17. Be4 Qh5 18. f3 Bxf3 19. Bxf3 Qxf3 20. Rf1 Qg4 21. Qf2 Qg6 22. Rb3 a5 23. b5 a4 24. Rc3 Bf6 25. Bd2 Rbd8 26. e4 Bg5 27. Bxg5 Qxg5 28. Rcc1 h6 29. Rcd1 g6 30. Qf6 Qxf6 31. Rxf6 Kg7 32. Rdf1 Rd7 33. Kg2 Re8 34. h3 Re6 35. R6f3 h5 36. h4 Ree7 37. Kh3 Kh6 38. Rf6 Kg7 39. R1f2 Re6 40. R6f3 1/2-1/2

[Event "Maringa op 4th"]
[Site "Maringa"]
[Date "2014.08.21"]
[Round "3"]
[White "Staron, Douglas Rentz"]
[Black "Merlo, Rodrigo Cesar"]
[Result "1-0"]
[WhiteElo "1815"]
[BlackElo "1910"]
[PlyCount "61"]
[EventDate "2014.08.20"]
[EventType "swiss"]
[EventRounds "9"]
[EventCountry "BRA"]
[SourceTitle "EXT 2015"]
[Source "ChessBase"]
[SourceDate "2014.11.20"]
[SourceVersion "1"]
[SourceVersionDate "2014.11.20"]
[SourceQuality "1"]

1. c4 e5 2. Nc3 Nf6 3. g3 d5 4. cxd5 Nxd5 5. Bg2 Be6 6. Nf3 Nc6 7. 0-0 Nxc3 8. bxc3 e4 9. Ne1 f5 10. d3 Be7 11. Be3 exd3 12. exd3 0-0 13. d4 Bc4 14. Nd3 Bd6 15. Re1 f4 16. Nxf4 Qd7 17. d5 Ne5 18. Bd4 Qf5 19. Be4 Qg4 20. Bxe5 Qxd1 21. Raxd1 Bxe5 22. Bxh7+ Kxh7 23. Rxe5 Bxa2 24. Rh5+ Kg8 25. Ne6 Rf7 26. Nf4 Bc4 27. Ng6 Rf6 28. Rh8+ Kf7 29. Rxa8 Kxg6 30. Rxa7 Ba6 31. Ra8 1-0

[Event "Maringa op 4th"]
[Site "Maringa"]
[Date "2014.08.20"]
[Round "1"]
[White "Staron, Douglas Rentz"]
[Black "Gauche, Charles"]
[Result "0-1"]
[WhiteElo "1815"]
[BlackElo "2230"]
[PlyCount "30"]
[EventDate "2014.08.20"]
[EventType "swiss"]
[EventRounds "9"]
[EventCountry "BRA"]
[SourceTitle "EXT 2015"]
[Source "ChessBase"]
[SourceDate "2014.11.20"]
[SourceVersion "1"]
[SourceVersionDate "2014.11.20"]
[SourceQuality "1"]

1. c4 e5 2. d3 Nc6 3. Nf3 f5 4. Nc3 Nf6 5. g3 Bb4 6. Bd2 0-0 7. Bg2 d6 8. a3 Bxc3 9. bxc3 Qe8 10. 0-0 Qh5 11. e3 f4 12. Re1 Ne7 13. h3 Bxh3 14. Bxh3 Qxh3 15. Ng5 Qf5 0-1